000 00842nam a2200241Ia 4500
003 OSt
005 20220923222132.0
006 a|||||r|||| 00| 0
007 ta
008 220922b |||||||| |||| 00| 0 hin d
024 _a203,291
037 _cTextual
040 _aARTS
_cARTS
_bhin
041 _2hin
_ahin
082 _aO157,3N09x, 152M7
100 _aआशापूर्णा, देवी; खरे, ममता, अनु.
_9166070
245 0 _aकांच पोत और हीरा
246 _aKāancha pot aur hīrā
260 _aइलाहाबाद
_b रवीन्द्र प्रका0
_c1987
300 _a135पृ.
_ccm.
942 _hO157,3N09x, 152M7
_cTEXL
_2CC
999 _c354043
_d354043